Tuyển tập văn học dân gian Việt Nam T.2
Wedi'i Gadw mewn:
| Prif Awdur: | |
|---|---|
| Fformat: | Llyfr |
| Iaith: | Undetermined |
| Cyhoeddwyd: |
H.
Giáo dục
1999
|
| Pynciau: | |
| Mynediad Ar-lein: | http://lrc.tdmu.edu.vn/opac/search/detail.asp?aID=2&ID=6765 |
| Tagiau: |
Ychwanegu Tag
Dim Tagiau, Byddwch y cyntaf i dagio'r cofnod hwn!
|
| Thư viện lưu trữ: | Trung tâm Học liệu Trường Đại học Thủ Dầu Một |
|---|
| LEADER | 00722nam a2200217Ia 4500 | ||
|---|---|---|---|
| 001 | TDMU_6765 | ||
| 008 | 210410s9999 xx 000 0 und d | ||
| 082 | |a 398.209 597 | ||
| 090 | |b PH105 | ||
| 100 | |a Phan, Trọng Tuyển | ||
| 245 | 0 | |a Tuyển tập văn học dân gian Việt Nam | |
| 245 | 0 | |c Phan Trọng Tuyển | |
| 245 | 0 | |n T.2 | |
| 245 | 0 | |p Quyển 2 Truyện cổ tích | |
| 260 | |a H. | ||
| 260 | |b Giáo dục | ||
| 260 | |c 1999 | ||
| 300 | |a 799tr | ||
| 650 | |a Văn học dân gian; Truyện cổ tích; Văn học Việt Nam | ||
| 856 | |u http://lrc.tdmu.edu.vn/opac/search/detail.asp?aID=2&ID=6765 | ||
| 980 | |a Trung tâm Học liệu Trường Đại học Thủ Dầu Một | ||